000 00890nam a2200265 i 4500
001 bg
100 1 _aZIMMER, Aleksandra
_d(1938- )
245 1 0 _aIdentyfikacja obiektów i sygnałów :
_bteoria i praktyka dla użytkowników Matlaba : podręcznik dla studentów wyższych szkół technicznych /
_cAleksandra Zimmer, Andrzej Englot ; Politechnika Krakowska im. Tadeusza Kościuszki.
250 _aWyd. 2.
260 _aKraków :
_bWydawnictwo PK,
_c2005.
300 _a239 s. :
_bil. ;
_c24 cm.
504 _aBibliogr. s. 239.
650 9 _aMatlab
_xstosowanie
650 9 _aSterowanie
_xteoria
655 _aPodręczniki akademickie
700 1 _aENGLOT, Andrzej
015 _aPB 6037/2006
020 _a8372423768
040 _cBPK
041 _apol
080 _a519.7:004.42](075.8)
920 _a83-7242-376-8
942 _cKS
008 s pl f |000 0 pol
999 _c51711
_d51711
856 _uhttp://koha.tu.koszalin.pl/cgi-bin/koha/opac-detail.pl?biblionumber=51711
_yKatalog online BPK